Máquinas y circuitos eléctricos : introducción a la electricidad práctica

Bibliographic Details
Main Author: Lister, Eugene C
Format: Section = Libro
Language:Undetermined
Spanish
Published: Madrid, España Ediciones del Castillo 1967
Subjects:
LEADER 00558nam a2200193Ia 4500
008 240829s9999 xx 000 0 und d
020 |a 84-219-0053-6 
040 |a BIBLIOTECA-RUSB/ 621.313 L773 
041 |a spa 
082 |a 621.313 L773 
100 1 |a Lister, Eugene C 
245 1 0 |a Máquinas y circuitos eléctricos : introducción a la electricidad práctica 
260 |a Madrid, España  |b Ediciones del Castillo  |c 1967 
300 |a 374 p. :il. 
650 7 |a MAQUINARIA 
650 7 |b  CIRCUITOS ELECTRICOS 
942 |c BK  |2 ddc 
991 |a TEXTO 
999 |c 3031